Dispute resolution in the 21st century: barriers or bridges? (Record no. 66414)
[ view plain ]
| 000 -LEADER | |
|---|---|
| fixed length control field | 01511cam a2200265 4500 |
| 001 - CONTROL NUMBER | |
| control field | ABS63678 |
| 008 - FIXED-LENGTH DATA ELEMENTS--GENERAL INFORMATION | |
| fixed length control field | 000000n2001 000 0 eng u |
| 035 ## - SYSTEM CONTROL NUMBER | |
| System control number | (Sirsi) u111458 |
| 100 ## - MAIN ENTRY--PERSONAL NAME | |
| Personal name | Uff, J. |
| 245 ## - TITLE STATEMENT | |
| Title | Dispute resolution in the 21st century: barriers or bridges? |
| 260 ## - PUBLICATION, DISTRIBUTION, ETC. | |
| Date of publication, distribution, etc. | 2001 |
| 490 ## - SERIES STATEMENT | |
| Series statement | Arbitration |
| Volume/sequential designation | 67(1) February 2001, 4-16(13) |
| 520 ## - SUMMARY, ETC. | |
| Summary, etc. | Looks at the future of dispute resolution in the 21st century. Considers the possible shape of the various branches of the industry, and their interrelationships. Examines whether the public interest would be better served by the different branches working more closely together. Specific issues and subject areas considered include: rules and barriers, the role of mediation, statutory adjudication in the UK, non-statutory adjudication, dispute boards, and the use of single joint experts. Outlines a number of proposals for changes to the industry. These include the recommendation that all means of privatised dispute resolution be included in the term 'arbitration'. |
| 590 ## - LOCAL NOTE (RLIN) | |
| Local note | ABS |
| 650 ## - SUBJECT ADDED ENTRY--TOPICAL TERM | |
| Topical term or geographic name entry element | FUTURE |
| 650 ## - SUBJECT ADDED ENTRY--TOPICAL TERM | |
| Topical term or geographic name entry element | MEDIATION |
| 650 ## - SUBJECT ADDED ENTRY--TOPICAL TERM | |
| Topical term or geographic name entry element | STATUTORY ADJUDICATION |
| 650 ## - SUBJECT ADDED ENTRY--TOPICAL TERM | |
| Topical term or geographic name entry element | NON-STATUTORY ADJUDICATION |
| 650 ## - SUBJECT ADDED ENTRY--TOPICAL TERM | |
| Topical term or geographic name entry element | MANAGEMENT-DISPUTE AVOIDANCE, MANAGEMENT AND RESOLUTION-DISPUTE MANAGEMENT AND RESOLUTION-ALTERNATIVE DISPUTE RESOLUTION-ADJUDICATION |
| 650 ## - SUBJECT ADDED ENTRY--TOPICAL TERM | |
| Topical term or geographic name entry element | SINGLE JOINT EXPERTS |
| 650 ## - SUBJECT ADDED ENTRY--TOPICAL TERM | |
| Topical term or geographic name entry element | ALTERNATIVE DISPUTE RESOLUTION |
| 650 ## - SUBJECT ADDED ENTRY--TOPICAL TERM | |
| Topical term or geographic name entry element | PUBLIC INTEREST |
| 690 ## - LOCAL SUBJECT ADDED ENTRY--TOPICAL TERM (OCLC, RLIN) | |
| Topical term or geographic name as entry element | Dispute resolution |
| 9 (RLIN) | 6236 |
| 942 ## - ADDED ENTRY ELEMENTS (KOHA) | |
| Suppress in OPAC | 0 |
| Withdrawn status | Lost status | Source of classification or shelving scheme | Damaged status | Not for loan | Home library | Current library | Shelving location | Date acquired | Total Checkouts | Full call number | Barcode | Date last seen | Copy number | Price effective from | Koha item type |
|---|---|---|---|---|---|---|---|---|---|---|---|---|---|---|---|
| Dewey Decimal Classification | London | London | Journal article | 16/03/2001 | ABS63678 | 111458-1001 | 06/08/2019 | 1 | 06/08/2019 | Journal article |